[Event "COL-chT (Women)"]
[Site "Risaralda"]
[Date "2023.11.21"]
[Round "5.2"]
[White "Palacios Trochez, Daisury"]
[Black "Beltran, Martha Cecilia"]
[Result "1-0"]
[WhiteElo "1277"]
[BlackElo "1594"]
[PlyCount "43"]
[EventDate "2023.11.19"]
[EventType "team-swiss"]
[EventRounds "7"]
[EventCountry "COL"]
[SourceTitle "CB49_2023"]
[SourceDate "2023.12.06"]
[SourceVersion "1"]
[SourceVersionDate "2023.12.06"]
[SourceQuality "1"]
[WhiteTeam "Choco (W)"]
[BlackTeam "Cauca (W)"]
[WhiteTeamCountry "COL"]
[BlackTeamCountry "COL"]

1. e4 b6 2. d4 Bb7 3. Nc3 e6 4. Nf3 Bb4 5. Bd3 Nf6 6. Bg5 Be7 7. 0-0 0-0 8. Qd2 d6 9. Rfe1 Nbd7 10. Qf4 c5 11. e5 Nd5 12. Nxd5 Bxd5 13. exd6 Bxg5 14. Nxg5 Nf6 15. c4 h6 16. Nh3 Bb7 17. Re3 cxd4 18. Rg3 Nh5 19. Qxh6 f5 20. Qxh5 Qe8 21. Qh4 Rf6 22. Qxf6 1-0

[Event "COL-chT (Women)"]
[Site "Risaralda"]
[Date "2023.11.19"]
[Round "2.3"]
[White "Fontecha Pastrana, Laura Sofia"]
[Black "Palacios Trochez, Daisury"]
[Result "1-0"]
[WhiteElo "1216"]
[BlackElo "1277"]
[PlyCount "112"]
[EventDate "2023.11.19"]
[EventType "team-swiss"]
[EventRounds "7"]
[EventCountry "COL"]
[SourceTitle "CB49_2023"]
[SourceDate "2023.12.06"]
[SourceVersion "1"]
[SourceVersionDate "2023.12.06"]
[SourceQuality "1"]
[WhiteTeam "Boyaca (W)"]
[BlackTeam "Choco (W)"]
[WhiteTeamCountry "COL"]
[BlackTeamCountry "COL"]

1. d4 d5 2. Bf4 c5 3. e3 Nf6 4. c3 Bf5 5. Nd2 Nbd7 6. Ngf3 e6 7. h3 Qb6 8. Qb3 c4 9. Qxb6 axb6 10. Nh4 Bd3 11. Bxd3 cxd3 12. Nb3 Be7 13. Nf3 b5 14. 0-0 b4 15. Ne5 Nxe5 16. Bxe5 bxc3 17. bxc3 0-0 18. Bxf6 Bxf6 19. Nc5 Rfc8 20. Rfb1 Be7 21. Nxd3 Rxc3 22. Ne5 Bd6 23. Rxb7 Bxe5 24. dxe5 Rc2 25. a4 h6 26. a5 Ra6 27. Ra4 Rc4 28. Rxc4 dxc4 29. Rb5 c3 30. Kf1 c2 31. Rc5 Kh7 32. Rxc2 Rxa5 33. f4 Kg6 34. Kf2 Kf5 35. g4+ Ke4 36. Rc4+ Kd3 37. Rd4+ Kc3 38. Rd7 Ra2+ 39. Kg3 Re2 40. Kf3 Rh2 41. Rxf7 Rxh3+ 42. Ke4 Kd2 43. Rxg7 Rxe3+ 44. Kd4 Rd3+ 45. Kc5 Rd5+ 46. Kc6 Ke3 47. Rf7 Rd4 48. f5 Rxg4 49. fxe6 Rg6 50. Kd7 Kd4 51. e7 Rg8 52. Rf8 Rg7 53. e6 Ke5 54. Kd8 Rxe7 55. Kxe7 h5 56. Kd7 Kd5 1-0